MDQL
is popping MORE tags! Check the
thread
!
Quizzes
Events
Quiz Creation
Community
Videos
Private Events
Remove Ads
Sign In
Join for FREE
Feedback
Dark Mode
Quiz Categories
Sports
Geography
Music
Movies
Television
Just For Fun
Miscellaneous
History
Literature
Language
Science
Gaming
Entertainment
Religion
Holiday
For Kids
Quiz Lab
Recent
Popular Today
Quiz Kudos Today
Editor Picks
Curator Picks
Quizzes by...
Day
Popularity
Type
Ratings
Length
Year
Community
Subscriptions
Recent Discussions
Orange Saloon
Badges
Playlists
Quests
Create
Leaderboards
Showdown
Live 5
Trivia Bingo
Activity
Puzzle Library
Sporcle Events
Private Events
Virtual Trivia
Globe League
Become a Host
Pub Owners
SporcleCon
Opinionation
Our Games
Videos
Blog
Mobile Apps
Partnerships
Remove Ads and Go Orange
Feedback
Sports
Athletes
MLB
NBA
NHL
NFL
Soccer
Sports Teams
WWE
NCAA
Football
Premier League
Basketball
Baseball
Hockey
Golf
Tennis
Cricket
Rugby
Auto Racing
Olympics
World Cup
Sports
Athletes
MLB
NBA
NHL
NFL
Soccer
Sports Teams
WWE
NCAA
Football
Premier League
Basketball
Baseball
Hockey
Golf
Tennis
Cricket
Rugby
Auto Racing
Olympics
World Cup
Random Quiz
Search Sporcle
×
Quiz Lab
Quiz Lab
Sports
NHL
Type in answers that appear in a list
Type in answers that appear in a list
Classic
Best Score? Go Orange.
Ottawa Senators draft picks who made the NHL Stats
Can you name the Ottawa Senator draft picks who have played at least one game in the NHL?
By
AirJimmy
10m
72 Questions
271 Plays
271 Plays
271 Plays
Comments
Comments
Give Quiz Kudos
Give Quiz Kudos
-
- Ratings
hide this ad
More Info
Replay
Link that replays current quiz
Next Quiz
Link to next quiz in quiz playlist
You Got
0%
They Got
Avg Score
37%
Avg Friend Score
Upgrade to see
Score Distribution
Jump to the score distribution portion of the page
Score
0/72
Timer
10:00
0
Plays Today
Year Drafted & Position
Player
% Correct
1994 -
F
Daniel Alfredsson
97.8%
1996 -
D
Chris Phillips
90.8%
2001 -
F
Jason Spezza
88.9%
1992 -
F
Alexei Yashin
83.8%
1997 -
F
Marian Hossa
82.7%
1993 -
F
Alexandre Daigle
80.4%
1999 -
F
Martin Havlat
76%
1998 -
F
Mike Fisher
74.9%
1998 -
F
Chris Neil
74.2%
2008 -
D
Erik Karlsson
72.3%
1995 -
D
Bryan Berard
68.3%
1994 -
F
Radek Bonk
67.9%
2001 -
G
Ray Emery
63.5%
2000 -
D
Anton Volchenkov
61.3%
2006 -
F
Nick Foligno
57.2%
1999 -
F
Chris Kelly
56.8%
2000 -
F
Antoine Vermette
56.1%
2008 -
F
Zack Smith
55.4%
2003 -
G
Brian Elliott
52%
1993 -
F
Pavol Demitra
50.9%
2005 -
D
Brian Lee
50.2%
1996 -
D
Sami Salo
47.6%
2004 -
D
Andrej Meszaros
46.9%
1996 -
F
Andreas Dackell
45%
1997 -
F
Magnus Arvedson
45%
2009 -
D
Jared Cowen
44.6%
1997 -
G
Jani Hurme
43.5%
2003 -
F
Patrick Eaves
42.8%
1999 -
G
Martin Prusek
37.6%
2001 -
D/
F
Christoph Schubert
37.6%
2001 -
F
Brooks Laich
34.7%
1998 & 2000 -
G
Mathieu Chouinard
34.3%
2009 -
G
Robin Lehner
33.6%
2001 -
D
Tim Gleason
32.5%
2004 -
F
Peter Regin
32.5%
2005 -
F
Ilya Zubov
31.7%
Year Drafted & Position
Player
% Correct
1997 -
D
Karel Rachunek
30.6%
2005 -
F
Colin Greening
29.9%
2006 -
F
Erik Condra
28.4%
2007 -
F
Jim O'Brien
27.3%
1994 -
D
Stanislav Neckar
26.6%
2002 -
F
Alexei Kaigorodov
25.8%
2005 -
F
Cody Bass
25.8%
2004 -
F
Alexander Nikulin
23.6%
1999 -
G
Simon Lajeunesse
22.9%
2006 -
F
Kaspars Daugavins
22.5%
1992 -
D
Patrick Traverse
20.3%
1998 -
F
Petr Schastlivy
20.3%
2002 -
F
Jakub Klepis
20.3%
1992 -
D
Radek Hamr
19.9%
2008 -
D
Patrick Wiercioch
19.6%
2001 -
F
Brandon Bochenski
19.2%
2000 -
D
Greg Zanon
18.1%
1993 -
D
Radim Bicanek
17.7%
1992 -
F
Tomas Jelinek
15.9%
1994 -
F
Antti Tormanen
15.1%
1997 -
F
Josh Langfeld
15.1%
1998 -
F
Chris Bala
15.1%
1992 -
F
Chad Penney
14.8%
2001 -
F
Toni Dahlman
14.4%
1992 -
F
Daniel Guerard
14%
1996 -
D
Antti-Jussi Niemi
14%
1994 -
G
Frederic Cassivi
13.7%
1996 -
D
Erich Goldmann
13.3%
1996 -
F
Ivan Ciernik
13.3%
1995 -
D
Marc Moro
12.2%
1998 -
D
Julien Vauclair
11.8%
1999 -
F
Alexandre Giroux
10.7%
2004 -
F
Roman Wick
8.9%
1999 -
F
Layne Ulmer
8.1%
1995 -
D
Ray Schultz
7.4%
1995 -
F
Brad Larsen
7%
Quiz Playlist
Details
Report
Send in Message
Add To Playlist
More Info:
* Information as at May 8, 2011
Classic:
Type in answers that appear in a list
Quiz Source
Last Updated: Feb 16, 2017
Quiz Scoreboard
CHALLENGE
Sign Up to Join the Scoreboard
Show All
Scores
Hide
Comments
May contain spoilers
Recently Published
Holiday 10x10 Sorting Gallery
by lukepisani3
Holiday
15m
Two Season TV Shows II
by 123Four
Television
10m
Image Sorting: Flags VI
by Barbecue
Geography
2m
More to Explore
Quiz From the Vault
Featured Blog Post
14 Easter Pick-up Lines to Find Eggs With
hide this ad
You Might Also Like...
Tags
Board Games Quiz
NHL Quiz
Draft
least
Ottawa
Ottawa Senators
Player
senator
Today's Top Quizzes in Sports
Browse Sports
hide this ad
Today's Top Quizzes in NHL
Browse NHL
Top Contributed Quizzes in Sports
1
Les meilleurs buteurs des matchs entre le PSG et l’OM
2
Les entraîneurs de l'OM et du PSG au 21e siècle
3
2022 World Cup Stars
4
Players with Multiple 50 Home Run Seasons
5
Les joueurs passés par le PSG et l'OM
6
FIFA Club World Cup Champions
7
Top 10 NHL Goal Scorers of All Time
8
Criteria MLB: Left Handed Sluggers
9
Les joueurs passés par le LOSC et le RC Lens
10
2023 MLB Unique Player Accomplishments
Explore More
Trending Topics
Marvel
NBA
Disney
Anime
Crossword
Harry Potter
Kpop
Country
NFL
The Office
WWE
Puzzle
Soccer
Pokémon
Song
hide this ad
More By:
AirJimmy
Quiz
Plays
Rating
Category
Featured
Created
Ottawa Senators top 20
1,039
4.75
Sports
Jan 3, 2010
Ottawa Senators who have played 100 games
899
4.60
Sports
Dec 13, 2009
Ottawa Senators top 10 scorers by season
612
5.00
Sports
Mar 23, 2010
Ottawa Senators draft picks
604
4.57
Sports
Nov 4, 2009
Ottawa Senators 100 point scorers
591
4.40
Sports
Dec 4, 2009
Go to Creator's Profile
Score Distribution
Quiz Creator Spotlight
AirJimmy
Follow
Send a Message
Quizzes Created
-
Created Quiz Play Count
-
More By This Creator
Popular Quizzes Today
1
Find the US States - No Outlines Minefield
2
Colored Red Africa Blitz
3
Find the 'City' Movie
4
The Countries of the World
5
Find the US States
6
5x2 Blitz: Bands
7
Find the Countries of Europe - No Outlines Minefield
8
US States
More Sports Quizzes
10 to 1 - Cricket World Cup 2019
Quiz Lab
Trending Quizzes
Colored Red Europe Blitz I
Colored Red Europe Blitz II
Colored Red Africa Blitz II
Colored Red Europe Blitz III
Colored Red Africa Blitz III
Recently Updated
Odd Team Out - Big 4 Players
pecheneg
Quick Pick: 20 Twenties
pecheneg
March Madness Men's Triple Doubles
pecheneg
How Do You Spell That?
pecheneg
Godzilla Movies
pecheneg
Grab Bag: 4-10 Letters
pecheneg
2024 March Madness Bracket
pecheneg
Famous TV Couples
Peacemaker
Champions League XIs: Real Madrid
pecheneg
Largest US Cities 1790-2010
pecheneg
Trending Topics
Disney
NBA
Harry Potter
Anime
Marvel
Kpop
Crossword
Soccer
Country
Pokémon
Song
WWE
The Office
NFL
Puzzle
Your Account Isn't Verified!
In order to create a playlist on Sporcle, you need to verify the email address you used during registration. Go to your
Sporcle Settings
to finish the process.
Report this User
Report this user for behavior that violates our
Community Guidelines
.
Details:
Send Report
Go to the Sporcle.com Mobile Site →
Comments